| 000 | 00978nam a22002897a 4500 | ||
|---|---|---|---|
| 001 | 0074 | ||
| 003 | DO-SdBNP | ||
| 005 | 20171109101257.0 | ||
| 007 | 0074 | ||
| 008 | 151007b sp 1989 sp |||| |||| 00| 0 spa d | ||
| 020 | _a9788485252121 | ||
| 040 |
_aBPMSU _bspa _cBPMSU |
||
| 082 | 4 |
_a371.9144 _bF363d, 1989 |
|
| 100 | 1 | 0 | _aFernández Baroja, Fernanda |
| 245 | 1 | 3 |
_aLa dislexia : _borigen, diagnostico y recuperación / _cFernanda Fernández Baroja, Ana María Llopis Paret, Carmen Pablo de Riego; prólogo Isabel Díaz Arnal |
| 250 | _a11a ed. | ||
| 260 |
_aMadrid, España : _bCiencias de la educación preescolar y especial, _c1989 |
||
| 300 |
_a214 p. : _bil., _c24 cm. |
||
| 490 | 1 | 0 |
_aEducación especial _v2 |
| 700 | 1 | 0 | _aLlopis Paret, Ana María |
| 700 | 1 | 0 | _aRiesgo, Carmen Pablo de |
| 700 | 1 | 0 |
_aDíaz Arnal, Isabel, _epról. |
| 830 | 1 | 0 |
_aEducación especial _n2 |
| 942 |
_2ddc _cBK |
||
| 945 | _aInventariado extranjero / 2017 VM | ||
| 956 | _aBrenda Tavárez | ||
| 999 |
_c8337 _d8337 |
||